|
|
|
|
| LEADER |
00000naa2a2200000 4500 |
| 001 |
213479 |
| 005 |
20231221153923.0 |
| 035 |
|
|
|a (RuTPU)RU\TPU\book\233275
|
| 090 |
|
|
|a 213479
|
| 100 |
|
|
|a 20120411d2004 k y0rusy50 ca
|
| 101 |
0 |
|
|a rus
|
| 102 |
|
|
|a RU
|
| 200 |
1 |
|
|a Проведение опытно-промышленных испытаний получения ангидритовых панелей сухой штукатурки с помощью виброформования
|f Т. С. Цыганкова, Н. С. Зыкова
|g науч. рук. Ю. М. Федорчук
|
| 463 |
|
0 |
|0 (RuTPU)RU\TPU\book\77451
|y 5-89503-079-3
|t Проблемы геологии и освоения недр
|o труды Восьмого Международного симпозиума имени ак. М. А. Усова студентов и молодых ученых, посвященного 400-летию г. Томска, 5-9 апреля 2004 г., Томск
|f Администрация г. Томска; Томский политехнический университет
|v С. 845-846
|d 2004
|p 913 с.
|
| 610 |
1 |
|
|a промышленные испытания
|
| 610 |
1 |
|
|a сухая штукатурка
|
| 610 |
1 |
|
|a ангидриты
|
| 610 |
1 |
|
|a строительные панели
|
| 610 |
1 |
|
|a виброформование
|
| 610 |
1 |
|
|a труды учёных ТПУ
|
| 700 |
|
1 |
|a Цыганкова
|b Т. С.
|c специалист в области экологии и безопасности жизнедеятельности
|c доцент Томского политехнического университета, кандидат технических наук
|f 1981-
|g Татьяна Сергеевна
|3 (RuTPU)RU\TPU\pers\26710
|9 12368
|
| 701 |
|
1 |
|a Зыкова
|b Н. С.
|
| 702 |
|
1 |
|a Федорчук
|b Ю. М.
|4 727
|
| 801 |
|
1 |
|a RU
|b 63413507
|c 20120411
|
| 942 |
|
|
|c BK
|